书目信息 |
| 题名: |
财政学
|
|
| 作者: | 储敏伟 , 杨君昌 主编 | |
| 分册: | ||
| 出版信息: | 北京 高等教育出版社 2000.08 |
|
| 页数: | 424页 | |
| 开本: | 24开 | |
| 丛书名: | ||
| 单 册: | ||
| 中图分类: | F81 | |
| 科图分类: | ||
| 主题词: | 财政 | |
| 电子资源: | ||
| ISBN: | 7-04-008350-7 | |
| 000 | 00572nam0 2200205 45 | |
| 001 | 0012131026 | |
| 005 | 20001213100736.6 | |
| 010 | @a7-04-008350-7@d23.00元 | |
| 100 | @a20001213d2000 km y0chiy0120 ea | |
| 101 | 0 | @achi |
| 105 | @a z 000yy | |
| 200 | 1 | @a财政学@ACai Zheng Xue@f储敏伟,杨君昌主编@FChu Min Wei,Yang Jun Chang Zhu Bian |
| 210 | @a北京@c高等教育出版社@d2000.08 | |
| 215 | @a424页@d24开 | |
| 606 | 0 | @a财政 |
| 690 | @aF81@v3 | |
| 701 | 0 | @a储敏伟@4主编 |
| 701 | 0 | @a杨君昌@4主编 |
| 801 | @aCN@bPftUser@c20001213 | |
| 905 | @b307704-705@dF81@eCH866@f2 | |
| 财政学/储敏伟,杨君昌主编.-北京:高等教育出版社,2000.08 |
| 424页;24开 |
| ISBN 7-04-008350-7:23.00元 |
| ● |
| 相关链接 |
|
|
|
正题名:财政学
索取号:F81/CH866
 
预约/预借
| 序号 | 登录号 | 条形码 | 馆藏地/架位号 | 状态 | 备注 |
| 1 | 307704 | 203077044 | 社科库409/409社科库 49排3列3层/ [索取号:F81/CH866] | 在馆 | |
| 2 | 307705 | 203077053 | 社科库409/422社科库 34排1列2层/ [索取号:F81/CH866] | 在馆 |